| 000 | 02155nam a22002417a 4500 | ||
|---|---|---|---|
| 001 | EIF-IX-2016-M5-001 | ||
| 003 | OSt | ||
| 005 | 20221228090737.0 | ||
| 008 | 221227b |||||||| |||| 00| 0 eng d | ||
| 040 |
_aFundación Jesús Pereda _cFundación Jesús Pereda |
||
| 041 | _aCastellano | ||
| 100 |
_uUniversidad de Valencia, Université Grenoble Alpes _aBellido Peris, Federico _9881 |
||
| 111 |
_aEncuentro de Investigadores del Franquismo _c(Granada _d2016. _n9º) _9101 |
||
| 245 |
_aLa transición televisiva. _bAdolfo Suárez y la personificación de la reforma política _c/Federico Bellido Peris |
||
| 520 | _aEsta comunicación pretende explorar de forma sucinta el papel jugado por la televisión en la emergencia del proceso de democratización en España. Con ello, se busca profundizar en la forma en la que RTVE, explotada en régimen de exclusividad estatal y férreo control gubernamental, colaboró en la conformación de una opinión pública que favoreció tanto la aprobación de la Ley para la Reforma Política como la construcción de la propia imagen pública del presidente Suárez. El análisis parte de la hipótesis de trabajo de que TVE fue una pieza clave en el engranaje de políticas públicas desarrollado por los gobiernos de Suárez para suministrar claves de comportamiento colectivo que favorecieran el rumbo dado al proceso de Transición. En este sentido se centrará inicialmente la atención en el protagonismo de TVE a la hora de construir una imagen pública consistente del desconocido presidente, para, a continuación, fijar la mirada en el papel jugado por el ente de Prado del Rey en la conformación de una opinión pública favorable a la aprobación vía referéndum de la Ley para la Reforma Política. | ||
| 600 | 0 |
_9883 _aSuárez, Adolfo |
|
| 610 | 0 |
_9882 _aRadiotelevisión Española (RTVE) |
|
| 650 | 0 |
_9884 _aLey para la Reforma Política |
|
| 650 | 0 |
_9534 _aTransición española |
|
| 773 |
_tActas del IX Encuentro de Investigadores del Franquismo _g227-234 p. |
||
| 856 | _uhttps://bibliotecaccoocyl.fundacionjesuspereda.es/cgi-bin/koha/opac-retrieve-file.pl?id=4c2b86397d10ff3765bb92289c85c94c | ||
| 942 |
_2ddc _cCF _n0 |
||
| 999 |
_c533 _d533 |
||